000 00533nam a2200145Ia 4500
008 220216s9999 xx 000 0 und d
100 _aJacob J.[a]
245 0 _aCarbon sequestration capacity of natural rubber plantations
260 _bNational Workshop on Clean Development Mechanism and the Indian Rubber Sector, 12 August 2005, Rubber Research Institute of India, Kottayam, India.
_c2005
650 _aCarbon sequestration
650 _aCarbon trading
650 _aCER
650 _aClean development mechanism
942 _cBS
999 _c52496
_d52496